000 00974cam a2200229 4500
001 ABS64422
008 010821n2001 000 0 eng u
035 _a(Sirsi) u114228
100 _aSamuels, A
245 _aPoles apart
260 _c2001
490 _aSolicitors' Journal
_v145(30) 3 August 2001, 722-723(2)
520 _aConsiders the planning aspects and other related issues over the siting of telecommunications masts, looking at advantages, disadvantages, law and practice, height, health and impact of value. Further research into phone masts is continuing under a committee drawn from government and the industry and chaired by Sir William Stewart. Information can be found at http://www.doh.gov.uk/mobilephones
590 _aABS
650 _aTELECOMMUNICATIONS
650 _aMOBILE PHONE MASTS
650 _aHEALTH ISSUES
650 _aPLANNING ISSUES
650 _aPLANNING PERMISSION
690 _aPlanning and development
_96259
942 _n0
999 _c68045
_d68045